000 00599nam a2200217Ia 4500
003 LDD
008 181029s9999 xx 000 0 und d
020 _a9782441921093
_cE64.99
040 _cLDD
100 _aNelsen, Roger B.
245 0 _aIntroduction to copulas
_cRoger B. Nelsen
250 _a2nd ed
260 _aNew York
_bSpringer
_c2006
300 _axiii,269;i
365 _bE 64.99
440 _aSpringer series in statistics
901 _a12444
_b18-08-2015
902 _a6100/2015-16
_b18-09-2015
_cF
_dPUJA
_e51
903 _aDiscount-20
_bReqst by : P. Sinclair
942 _2ddc
_cBK
999 _c114047
_d114047